00419nam a2200157Ia 4500003000400000008004100004040001600045082001300061100001800074245004500092260005200137300001000189490002500199650001500224650002200239GCL140319s9999 xx 000 0 eng d aGCL / cGCL04a843bM J1 aMAALOUF, AMIN10aLES JARDINS DE LUMIERE / cMAALOUF, AMIN a[S.N] : bEDITIONS JEAN-CLAUDE LATTES ، c1991 a317 P aLE LIVRE DE POCHEv004aLITERATURE04aFRENCH LITERATURE